|
|
|
|
| LEADER |
00000cam a2200000 7i4500 |
| 001 |
0000093668 |
| 005 |
20240123151954.0 |
| 008 |
|
| 020 |
|
|
|a 9789834937997 (
|q paperback)
|
| 040 |
|
|
|e rda
|
| 041 |
|
|
|a Malay
|
| 090 |
0 |
0 |
|a 899.234
|b AHM
|
| 100 |
0 |
|
|a Ahmad Murad Merican ,
|e (author)
|
| 245 |
1 |
0 |
|a Prosa terpinggir esei dari 2004-2021
|c Ahmad Murad Merican
|
| 264 |
|
1 |
|a Kuala Lumpur :
|b Dewan Bahasa dan Pustaka
|c 2023
|
| 300 |
|
|
|a 237 pages ;
|c 23 cm.
|
| 336 |
|
|
|a text
|2 rdacontent
|
| 337 |
|
|
|a unmediated
|2 rdamedia
|
| 338 |
|
|
|a volume
|2 rdacarrier
|
| 500 |
|
|
|a Includes index
|
| 541 |
|
|
|c Donation book
|f Inisiatif Belanjawan 2023
|
| 650 |
|
0 |
|a Malay essays
|
| 650 |
|
0 |
|a Malay literature
|
| 650 |
|
0 |
|a Malaysian essays
|
| 730 |
0 |
|
|a Title
|
| 999 |
|
|
|a 0001753638
|b Book
|c Adult Collection
|e Perbadanan Perpustakaan Awam Johor
|
| 999 |
|
|
|a 0001754104
|b Book
|c Adult Collection
|e Cawangan Urban Transformation Centre
|
| 999 |
|
|
|a 0001754105
|b Book
|c Adult Collection
|e Cawangan AEON Kulaijaya
|
| 999 |
|
|
|a 0001754106
|b Book
|c Adult Collection
|e Cawangan Pontian
|
| 999 |
|
|
|a 0001754107
|b Book
|c Adult Collection
|e Cawangan Bandar Penawar
|
| 999 |
|
|
|a 0001754108
|b Book
|c Adult Collection
|e Cawangan Batu Pahat
|
| 999 |
|
|
|a 0001754109
|b Book
|c Adult Collection
|e Cawangan Bandar Tenggara
|
| 999 |
|
|
|a 0001754110
|b Book
|c Adult Collection
|e Cawangan Bandar Tenggara
|
| 999 |
|
|
|a 0001754111
|b Book
|c Adult Collection
|e Cawangan Segamat
|
| 999 |
|
|
|a 0001754112
|b Book
|c Adult Collection
|e Cawangan Taman Sri Lambak
|
| 999 |
|
|
|a 0001754113
|b Book
|c Adult Collection
|e Cawangan Tangkak
|
| 999 |
|
|
|a 0001754114
|b Book
|c Adult Collection
|e Cawangan Bukit Gambir
|
| 999 |
|
|
|a 0001754115
|b Book
|c Adult Collection
|e Cawangan Muar
|
| 999 |
|
|
|a 0001754116
|b Book
|c Adult Collection
|e Cawangan Segamat
|
| 999 |
|
|
|a 0001754117
|b Book
|c Adult Collection
|e Cawangan Tmn. Ungku Tun Aminah
|
| 999 |
|
|
|a 0001754118
|b Book
|c Adult Collection
|e Perbadanan Perpustakaan Awam Johor
|
| 999 |
|
|
|a 0001754119
|b Book
|c Adult Collection
|e Cawangan Taman Sri Lambak
|
| 999 |
|
|
|a 0001754120
|b Book
|c Adult Collection
|e Cawangan AEON Kulaijaya
|
| 999 |
|
|
|a 0001754121
|b Book
|c Adult Collection
|e Cawangan Bukit Gambir
|